[Event "8th Asia-ch"]
[Site "Subic Bay Free Port PHI"]
[Date "2010.04.21"]
[Round "1"]
[White "Sasikiran, Krishnan"]
[Black "Dimakiling, Oliver"]
[Result "1-0"]
[WhiteElo "2686"]
[BlackElo "2441"]
[EventDate "2010.04.21"]
[PlyCount "73"]

1.d4 e6 2.c4 b6 3.Nf3 Bb7 4.g3 f5 5.Bg2 Bb4+ 6.Bd2 Bxd2+ 7.Qxd2 Nf6 8.O-O 
O-O 9.Nc3 Nc6 10.Rad1 Ne7 11.Qc2 Ne4 12.Ne1 d5 13.cxd5 exd5 14.Nd3 a6 15.
e3 Rf6 16.f3 Nd6 17.Ne5 Qe8 18.b4 Rc8 19.Rfe1 Kh8 20.Qb3 g5 21.e4 dxe4 22.
fxe4 Qh5 23.d5 Rh6 24.h3 g4 25.exf5 gxh3 26.Bf3 h2+ 27.Kh1 Qxf5 28.Bg2 Rg8
29.g4 Qf4 30.Qb2 Rg7 31.Rd3 Qg5 32.Ne4 Qh4 33.Rf1 Kg8 34.Rdf3 Nef5 35.Nxd6
Ng3+ 36.Rxg3 Qxg3 37.Nf5 1-0

[Event "8th Asia-ch"]
[Site "Subic Bay Free Port PHI"]
[Date "2010.04.21"]
[Round "1"]
[White "Zhou Jianchao"]
[Black "Goh Weiming"]
[Result "1-0"]
[WhiteElo "2650"]
[BlackElo "2426"]
[EventDate "2010.04.21"]
[PlyCount "77"]

1.d4 e6 2.c4 Nf6 3.Nf3 d5 4.Nc3 Nbd7 5.cxd5 exd5 6.Bg5 Bb4 7.Qc2 c5 8.a3 
Qa5 9.Bd2 c4 10.g3 O-O 11.Bg2 Re8 12.O-O Bxc3 13.Bxc3 Qb6 14.Ne5 Nxe5 15.
dxe5 d4 16.exf6 dxc3 17.Qxc3 Qxf6 18.Qxc4 Qxb2 19.e3 Rb8 20.Qc5 b6 21.Qc7 
Qe5 22.Qxa7 Bf5 23.Rad1 Re7 24.Qa4 g6 25.Qb4 Be4 26.Bxe4 Qxe4 27.Rd4 Qe5 
28.Rfd1 Qc5 29.Rd8+ Re8 30.R8d5 Qc6 31.h4 h5 32.g4 hxg4 33.Qxg4 Ra8 34.h5 
Ra4 35.Qg3 Ree4 36.f4 Rxa3 37.hxg6 Raxe3 38.gxf7+ Kxf7 39.Rf5+ 1-0

[Event "8th Asia-ch"]
[Site "Subic Bay Free Port PHI"]
[Date "2010.04.21"]
[Round "1"]
[White "Duong The Anh"]
[Black "Nguyen Ngoc Truong Son"]
[Result "1/2-1/2"]
[WhiteElo "2425"]
[BlackElo "2642"]
[EventDate "2010.04.21"]
[PlyCount "92"]

1.d4 e6 2.Nf3 Nf6 3.Bg5 d5 4.e3 Be7 5.Bd3 Nbd7 6.O-O b6 7.c4 dxc4 8.Bxc4 
Bb7 9.Nc3 O-O 10.Rc1 a6 11.Bd3 c5 12.Qe2 b5 13.Rfd1 c4 14.Bc2 h6 15.Bh4 
Rc8 16.a3 Nd5 17.Nxd5 Bxh4 18.Nxh4 Qxh4 19.Nc3 Rfd8 20.f3 Qe7 21.Qe1 Nf6 
22.Qg3 Nd5 23.Nxd5 exd5 24.Qe5 Re8 25.Qxe7 Rxe7 26.Kf2 a5 27.Re1 Rce8 28.
h4 g6 29.Ra1 Bc6 30.g4 Kg7 31.g5 hxg5 32.hxg5 Rh8 33.Rh1 Ree8 34.Rag1 b4 
35.Rxh8 Rxh8 36.e4 Rh2+ 37.Rg2 Rh4 38.axb4 axb4 39.exd5 Bxd5 40.Ke3 b3 41.
Be4 Bxe4 42.fxe4 Rh3+ 43.Kf4 c3 44.bxc3 Rxc3 45.Rb2 Rc4 46.Rxb3 Rxd4 
1/2-1/2

[Event "8th Asia-ch"]
[Site "Subic Bay Free Port PHI"]
[Date "2010.04.21"]
[Round "1"]
[White "Li Chao"]
[Black "Wan Yunguo"]
[Result "1-0"]
[WhiteElo "2613"]
[BlackElo "2424"]
[EventDate "2010.04.21"]
[PlyCount "53"]

1.e4 e6 2.d4 d5 3.Nc3 Bb4 4.e5 Ne7 5.a3 Bxc3+ 6.bxc3 c5 7.Qg4 O-O 8.Bd3 
Nbc6 9.Qh5 Ng6 10.Nf3 Qc7 11.Be3 c4 12.Bxg6 fxg6 13.Qg4 Ne7 14.h4 h6 15.h5
g5 16.Nxg5 hxg5 17.h6 g6 18.h7+ Kh8 19.Bxg5 Nf5 20.Bf6+ Rxf6 21.exf6 Qf7 
22.Qf4 Bd7 23.g4 Ne7 24.Qg5 Nc8 25.Rh6 Be8 26.f4 Qc7 27.f7 1-0

[Event "8th Asia-ch"]
[Site "Subic Bay Free Port PHI"]
[Date "2010.04.21"]
[Round "1"]
[White "Nolte, Rolando"]
[Black "Gopal, Geetha Narayanan"]
[Result "0-1"]
[WhiteElo "2420"]
[BlackElo "2604"]
[EventDate "2010.04.21"]
[PlyCount "86"]

1.e4 c5 2.Nf3 d6 3.d4 cxd4 4.Nxd4 Nf6 5.Nc3 a6 6.Be3 e5 7.Nb3 Be6 8.f3 h5 
9.Nd5 Bxd5 10.exd5 Nbd7 11.Qd2 Qc7 12.c4 a5 13.a4 g6 14.Be2 b6 15.O-O Bg7 
16.Rae1 O-O 17.h3 Nc5 18.Nxc5 bxc5 19.Bd1 Nd7 20.b3 f5 21.Bc2 Nf6 22.Qd1 
Nh7 23.g4 Qd7 24.gxf5 gxf5 25.f4 e4 26.Qxh5 Rf6 27.Qe2 Rh6 28.Kh2 Nf6 29.
Bd2 Kf7 30.Rg1 Rah8 31.Rg3 Nh5 32.Rg5 Bf6 33.Reg1 Nxf4 34.Bxf4 Rxh3+ 35.
Kg2 Bxg5 36.Bxg5 Rh2+ 37.Kf1 Rxe2 38.Kxe2 Rh2+ 39.Kd1 Qe8 40.Bf4 Rf2 41.
Bg3 Rf3 42.Bxd6 e3 43.Bxc5 Qe5 0-1

[Event "8th Asia-ch"]
[Site "Subic Bay Free Port PHI"]
[Date "2010.04.21"]
[Round "1"]
[White "Zhang Zhong"]
[Black "Nadera, Barlo"]
[Result "1/2-1/2"]
[WhiteElo "2603"]
[BlackElo "2405"]
[EventDate "2010.04.21"]
[PlyCount "88"]

1.d4 d5 2.c4 c6 3.Nf3 Nf6 4.e3 e6 5.Nbd2 Nbd7 6.Bd3 b6 7.e4 dxe4 8.Nxe4 
Bb7 9.O-O h6 10.Bf4 Nxe4 11.Bxe4 Nf6 12.Bc2 Bd6 13.Ne5 Qc7 14.Qe2 Rd8 15.
Rfe1 O-O 16.c5 bxc5 17.dxc5 Bxc5 18.Ng6 Qb6 19.Nxf8 Kxf8 20.Be3 Bd4 21.
Bxd4 Rxd4 22.Rad1 c5 23.Rxd4 cxd4 24.Bd3 Nd5 25.Qd2 g5 26.Be4 f5 27.Bxd5 
Bxd5 28.Rd1 e5 29.Qc2 Be6 30.Rc1 e4 31.g4 d3 32.Qc3 fxg4 33.Qf6+ Ke8 34.
Qg6+ Ke7 35.Qh7+ Kf6 36.Qh8+ Kf5 37.Qf8+ Ke5 38.Rc5+ Kd4 39.b4 d2 40.Qf6+ 
Kd3 41.Qc3+ Ke2 42.Qe3+ Kd1 43.Qxe4 Qxc5 44.bxc5 Kc1 1/2-1/2

[Event "8th Asia-ch"]
[Site "Subic Bay Free Port PHI"]
[Date "2010.04.21"]
[Round "1"]
[White "Senador, Emmanuel"]
[Black "Zhou Weiqi"]
[Result "0-1"]
[WhiteElo "2401"]
[BlackElo "2584"]
[EventDate "2010.04.21"]
[PlyCount "37"]

1.b3 e5 2.Bb2 Nc6 3.c4 Nf6 4.e3 Be7 5.d3 O-O 6.Nf3 d6 7.Be2 Bf5 8.O-O h6 
9.Nc3 Re8 10.a3 a5 11.Kh1 e4 12.dxe4 Nxe4 13.Nd5 Bf6 14.b4 Bh7 15.Bd3 axb4
16.axb4 Rxa1 17.Bxa1 Ne5 18.Bxe5 dxe5 19.Qb1 0-1

[Event "8th Asia-ch"]
[Site "Subic Bay Free Port PHI"]
[Date "2010.04.21"]
[Round "1"]
[White "Ghaem Maghami, Ehsan"]
[Black "Darini, Pouria"]
[Result "1-0"]
[WhiteElo "2575"]
[BlackElo "2398"]
[EventDate "2010.04.21"]
[PlyCount "107"]

1.d4 Nf6 2.c4 g6 3.g3 Bg7 4.Bg2 d5 5.cxd5 Nxd5 6.e4 Nb6 7.Ne2 O-O 8.O-O 
Nc6 9.d5 Nb8 10.Nbc3 c6 11.h3 cxd5 12.exd5 N8d7 13.b3 Nf6 14.Bf4 e6 15.
dxe6 Bxe6 16.Bd6 Re8 17.Nf4 Bd5 18.Ncxd5 Qxd6 19.Ne3 Qe7 20.Qf3 Ne4 21.
Rad1 Qc5 22.Rd3 Qa5 23.Qe2 Rac8 24.Bxe4 Rxe4 25.Rfd1 Ree8 26.a4 h5 27.Qf3 
Rb8 28.Kg2 Qe5 29.Nfd5 Nxd5 30.Rxd5 Qe6 31.Nc4 Qc6 32.Rd7 Qxf3+ 33.Kxf3 b5
34.Nd6 Red8 35.Nb7 Rdc8 36.axb5 Rc3+ 37.Kg2 Rxb3 38.Nd6 R3xb5 39.Nxb5 Rxb5
40.Rxa7 Rf5 41.Rd8+ Kh7 42.Rdd7 Kg8 43.Ra4 Bh6 44.Ra8+ Kg7 45.Ra3 Bg5 46.
Rad3 Bf6 47.Rb7 Ba1 48.Rb4 Bf6 49.f4 g5 50.fxg5 Bxg5 51.Rb7 Bf6 52.Rbd7 
Rc5 53.R7d5 Rc3 54.Rd2 1-0

[Event "8th Asia-ch"]
[Site "Subic Bay Free Port PHI"]
[Date "2010.04.21"]
[Round "1"]
[White "Ginting, Nasib"]
[Black "Yu Yangyi"]
[Result "0-1"]
[WhiteElo "2397"]
[BlackElo "2574"]
[EventDate "2010.04.21"]
[PlyCount "120"]

1.d4 d5 2.c4 e6 3.Nf3 Nf6 4.g3 c6 5.Qc2 dxc4 6.Qxc4 b5 7.Qb3 Bb7 8.Bg2 a6 
9.O-O c5 10.dxc5 Nbd7 11.Rd1 Bxc5 12.Be3 Qb6 13.Bxc5 Nxc5 14.Qe3 O-O 15.
Nbd2 Nd5 16.Qd4 Na4 17.Rab1 Rac8 18.Qxb6 Ndxb6 19.Ne1 Bxg2 20.Kxg2 Rfd8 
21.Kf1 Kf8 22.Nd3 Rc2 23.b3 Nc3 24.Rbc1 Rxc1 25.Rxc1 Rc8 26.Rc2 Ke7 27.Ke1
a5 28.a3 f5 29.Rc1 Kd6 30.Nb2 Kd5 31.e3 a4 32.bxa4 bxa4 33.Nd3 Kd6 34.f3 
Rc6 35.Nb4 Rc7 36.Nd3 Ncd5 37.Rxc7 Nxc7 38.Nb4 Nb5 39.Nc2 Kc5 40.Ke2 Nc4 
41.Nb1 Nb2 42.Nd2 g6 43.f4 Nc3+ 44.Kf3 Nc4 45.Nxc4 Kxc4 46.Nd4 Nb1 47.Nxe6
Nxa3 48.Ke2 Nb1 49.Kd1 Nc3+ 50.Kc2 a3 51.h3 h5 52.Ng5 Nd1 53.Nf3 a2 54.
Nd2+ Kb4 55.Nb3 Ka3 56.Na1 Nxe3+ 57.Kc3 Nd5+ 58.Kc2 h4 59.gxh4 Nxf4 60.Kc3
Nd5+ 0-1

[Event "8th Asia-ch"]
[Site "Subic Bay Free Port PHI"]
[Date "2010.04.21"]
[Round "1"]
[White "Gupta, Abhijeet"]
[Black "Wang Li"]
[Result "1-0"]
[WhiteElo "2560"]
[BlackElo "2383"]
[EventDate "2010.04.21"]
[PlyCount "81"]

1.d4 d5 2.c4 dxc4 3.Nf3 Nf6 4.e3 a6 5.Bxc4 b5 6.Be2 Bb7 7.O-O e6 8.a4 b4 
9.Ne5 Be7 10.Bf3 Qc8 11.Nd2 O-O 12.Nb3 Ne4 13.Qc2 f5 14.Bd2 Bd5 15.Rfd1 
Ra7 16.Be1 c6 17.Rac1 Qd8 18.Be2 Rc7 19.f3 Nf6 20.Nc5 a5 21.e4 fxe4 22.
fxe4 Bxc5 23.exd5 Bb6 24.dxe6 Nd5 25.Nc4 Ba7 26.Bf3 Nf4 27.Bg3 Nxe6 28.
Bxc7 Qxc7 29.Kh1 Nxd4 30.Qe4 Nxf3 31.gxf3 Na6 32.Ne5 Bb8 33.f4 Qe7 34.Qc4+
Kh8 35.Qxa6 Rxf4 36.Rf1 Qd8 37.Rxf4 Bxe5 38.Re4 h6 39.Rxe5 Qf8 40.Qxc6 Qf4
41.Qe8+ 1-0

[Event "8th Asia-ch"]
[Site "Subic Bay Free Port PHI"]
[Date "2010.04.21"]
[Round "1"]
[White "Pascua, Haridas"]
[Black "Rahman, Ziaur"]
[Result "0-1"]
[WhiteElo "2358"]
[BlackElo "2558"]
[EventDate "2010.04.21"]
[PlyCount "84"]

1.d4 d6 2.Nf3 Bg4 3.c4 Bxf3 4.exf3 Nd7 5.Nc3 Ngf6 6.Bd3 g6 7.Bg5 Bg7 8.Qd2
c6 9.O-O O-O 10.Be4 Re8 11.d5 Rc8 12.Rac1 Qa5 13.b3 Nxe4 14.fxe4 a6 15.
dxc6 Rxc6 16.Nd5 Qxd2 17.Bxd2 Nc5 18.Bc3 Nxe4 19.Bxg7 Kxg7 20.Rce1 Nf6 21.
Nxe7 Rc7 22.Nd5 Rxe1 23.Nxc7 Re7 24.Na8 Re2 25.Ra1 Ng4 26.Nc7 Kf8 27.a4 
Rb2 28.h3 Nxf2 29.Re1 h5 30.Re8+ Kg7 31.Re3 Nd1 32.Rd3 Rb1 33.Kh2 h4 34.g3
Rb2+ 35.Kg1 Nf2 36.Re3 Nxh3+ 37.Kf1 hxg3 38.Rxg3 Rb1+ 39.Ke2 Nf4+ 40.Kd2 
Kf8 41.Re3 Rb2+ 42.Kd1 g5 0-1

[Event "8th Asia-ch"]
[Site "Subic Bay Free Port PHI"]
[Date "2010.04.21"]
[Round "1"]
[White "Djao Thien Hai"]
[Black "Lu Yijie"]
[Result "1-0"]
[WhiteElo "2523"]
[BlackElo "2349"]
[EventDate "2010.04.21"]
[PlyCount "87"]

1.d4 Nf6 2.c4 g6 3.Nc3 Bg7 4.e4 d6 5.Nf3 O-O 6.h3 e5 7.d5 Nbd7 8.g4 Nc5 9.
Qc2 a5 10.Be3 h5 11.g5 Ne8 12.O-O-O Bd7 13.Rg1 b6 14.Nh4 c6 15.Rg3 cxd5 
16.Nxd5 Ba4 17.b3 Bc6 18.Bg2 Bxd5 19.exd5 e4 20.Bxe4 f5 21.gxf6 Qxf6 22.
Bxg6 a4 23.Bh7+ Kh8 24.Ng6+ Kxh7 25.Nxf8+ Kg8 26.Nh7 Qa1+ 27.Kd2 axb3 28.
axb3 Qa5+ 29.b4 Qxb4+ 30.Ke2 Qa4 31.Qxa4 Nxa4 32.Ng5 Nc3+ 33.Ke1 Nxd1 34.
Kxd1 Rc8 35.Ne6 Kf7 36.Rf3+ Bf6 37.Rf4 Rb8 38.Kc2 Ke7 39.Rf5 h4 40.Rh5 Kf7
41.Rh7+ Kg6 42.Nf8+ Kf5 43.Kd3 Ng7 44.Nd7 1-0

[Event "8th Asia-ch"]
[Site "Subic Bay Free Port PHI"]
[Date "2010.04.21"]
[Round "1"]
[White "Chan Wei Xuan, Timothy"]
[Black "Kidambi, Sundararajan"]
[Result "1/2-1/2"]
[WhiteElo "2341"]
[BlackElo "2520"]
[EventDate "2010.04.21"]
[PlyCount "88"]

1.e4 c6 2.Nc3 d5 3.Nf3 Bg4 4.h3 Bxf3 5.Qxf3 e6 6.g3 Nf6 7.Bg2 dxe4 8.Nxe4 
Be7 9.O-O O-O 10.Rd1 Nbd7 11.d4 Qb6 12.b3 Rad8 13.Bb2 Nxe4 14.Qxe4 Rfe8 
15.c4 Bf6 16.Rd2 Nf8 17.Rad1 Ng6 18.Qc2 Ne7 19.Be4 h6 20.Ba3 Qa5 21.Bxe7 
Rxe7 22.d5 cxd5 23.cxd5 Rc7 24.Qd3 Bg5 25.Re2 Rc3 26.Qd4 Bf6 27.Qd2 Bg5 
28.Qe1 Qc5 29.Kh2 e5 30.d6 Rc1 31.Rxc1 Qxc1 32.Qxc1 Bxc1 33.Bxb7 Rxd6 34.
Rxe5 Rd2 35.Rf5 g6 36.Rf3 Kg7 37.a4 Ba3 38.Kg2 a5 39.Ba6 Bc5 40.Bc4 f6 41.
h4 h5 42.Kf1 Rc2 43.Be2 Rc1+ 44.Kg2 Rc2 1/2-1/2

[Event "8th Asia-ch"]
[Site "Subic Bay Free Port PHI"]
[Date "2010.04.21"]
[Round "1"]
[White "Wen Yang"]
[Black "Lu Shanglei"]
[Result "0-1"]
[WhiteElo "2520"]
[BlackElo "2340"]
[EventDate "2010.04.21"]
[PlyCount "106"]

1.e4 c5 2.Nf3 e6 3.d4 cxd4 4.Nxd4 a6 5.Nc3 Qc7 6.g3 Nc6 7.Bg2 d6 8.O-O Bd7
9.Nxc6 Bxc6 10.Re1 Be7 11.Qg4 h5 12.Qe2 h4 13.a4 hxg3 14.hxg3 Nf6 15.Be3 
Rc8 16.Bd4 Qa5 17.Bf3 Qg5 18.Kg2 Nd7 19.Rh1 Rxh1 20.Rxh1 Ne5 21.Bh5 Ng6 
22.Be3 Qf5 23.Qc4 Qf6 24.Bd4 Bxe4+ 25.Nxe4 Rxc4 26.Nxf6+ gxf6 27.c3 Rxa4 
28.Rb1 d5 29.Be2 Ne5 30.f4 Nc6 31.Bd1 Ra2 32.Bb3 Ra5 33.Be3 Bc5 34.Bd2 Rb5
35.Ba4 Rb6 36.Kf3 a5 37.b3 Kf8 38.Ke2 d4 39.cxd4 Nxd4+ 40.Kd3 Bb4 41.Be3 
Rd6 42.Bxd4 e5 43.fxe5 fxe5 44.Ke4 Rxd4+ 45.Kxe5 Bc3 46.Rc1 Bb2 47.Rb1 
Rxa4+ 48.Rxb2 Rb4 49.Ra2 b6 50.Ra3 Kg7 51.Ra4 Rxb3 52.Rg4+ Kf8 53.Kd6 b5 
0-1

[Event "8th Asia-ch"]
[Site "Subic Bay Free Port PHI"]
[Date "2010.04.21"]
[Round "1"]
[White "Khamrakulov, Dzhurabek"]
[Black "Padmini, Rout"]
[Result "0-1"]
[WhiteElo "2509"]
[BlackElo "2319"]
[EventDate "2010.04.21"]
[PlyCount "122"]

1.e4 c5 2.c3 d5 3.exd5 Qxd5 4.d4 g6 5.Be3 Nf6 6.Nf3 Bg7 7.Na3 cxd4 8.Nb5 
Na6 9.Qxd4 b6 10.O-O-O Qxd4 11.Nbxd4 O-O 12.Nc6 Re8 13.Bc4 Nc7 14.Rhe1 Bb7
15.Nce5 Nfd5 16.Bd2 e6 17.h4 h5 18.Bb3 b5 19.Bc2 Ne7 20.Nd7 Bxf3 21.gxf3 
Ncd5 22.Bd3 a6 23.Bg5 Rac8 24.Be4 b4 25.Bxe7 Rxe7 26.Bxd5 Rxd7 27.Be4 Rdc7
28.Kc2 bxc3 29.b4 Rb8 30.a3 Bf6 31.Rh1 a5 32.Rb1 axb4 33.Rxb4 Rd8 34.Bd3 
Ra7 35.a4 Rda8 36.Ra1 Kg7 37.Bb5 Rd8 38.Rd1 Rc8 39.Ra1 Ra5 40.Rd1 Rc7 41.
Rd3 Raa7 42.Rd1 Be7 43.Re4 Rc5 44.Rd3 Rac7 45.Rde3 g5 46.hxg5 Bxg5 47.f4 
Bf6 48.Rb4 h4 49.Bd3 Rh5 50.Be2 Rh8 51.a5 Rd7 52.Bd3 Rd4 53.Re4 Rxb4 54.
Rxb4 h3 55.Be4 Rd8 56.a6 Rd2+ 57.Kb1 Rd1+ 58.Kc2 Ra1 59.Bb7 Ra2+ 60.Kb1 
c2+ 61.Kc1 h2 0-1

[Event "8th Asia-ch"]
[Site "Subic Bay Free Port PHI"]
[Date "2010.04.21"]
[Round "1"]
[White "Habla, Jony"]
[Black "Gomez, John Paul"]
[Result "1/2-1/2"]
[WhiteElo "2316"]
[BlackElo "2507"]
[EventDate "2010.04.21"]
[PlyCount "135"]

1.d4 Nf6 2.Nf3 c5 3.e3 d5 4.Be2 g6 5.O-O Bg7 6.c3 Nbd7 7.b3 O-O 8.Bb2 a5 
9.a4 Ne4 10.Nbd2 Qb6 11.Nxe4 dxe4 12.Nd2 f5 13.Ba3 Qc7 14.f3 exf3 15.Nxf3 
Bh6 16.Bc4+ Kh8 17.Qe1 Nb6 18.Bxc5 Nxc4 19.bxc4 Be6 20.Rb1 Bxc4 21.Rf2 Bd5
22.Rb6 Rf6 23.Rfb2 Ra6 24.R6b5 Bc6 25.R5b3 Be4 26.Ne5 Rae6 27.Qg3 Kg7 28.
Rf2 b6 29.Ba3 Bc6 30.c4 Bxa4 31.Rb1 Rxe5 32.dxe5 Rc6 33.Bb2 Rxc4 34.e6+ 
Kg8 35.Qxc7 Rxc7 36.Bd4 b5 37.g4 b4 38.gxf5 Bc2 39.Ra1 Bxf5 40.Rxa5 Rc1+ 
41.Rf1 Rxf1+ 42.Kxf1 Bxe6 43.Ra8+ Kf7 44.Rh8 Bc4+ 45.Ke1 Bg5 46.Rxh7+ Ke6 
47.Kd2 Kf5 48.Bc5 b3 49.Bxe7 Bxe3+ 50.Kc3 Be6 51.Ba3 Bf4 52.Kd3 Be5 53.Ke3
Bd5 54.Rd7 Be6 55.Rh7 g5 56.h3 Bd5 57.Rd7 Bg2 58.Kf2 Be4 59.Rf7+ Kg6 60.
Re7 Bd4+ 61.Kg3 Bc2 62.Rb7 Be5+ 63.Kf2 Kh5 64.Bc1 Bd4+ 65.Kg3 Be5+ 66.Kf2 
Bd4+ 67.Kg3 Be5+ 68.Kf2 1/2-1/2

[Event "8th Asia-ch"]
[Site "Subic Bay Free Port PHI"]
[Date "2010.04.21"]
[Round "1"]
[White "Torre, Eugenio"]
[Black "Garcia, Jan Emmanuel"]
[Result "1/2-1/2"]
[WhiteElo "2506"]
[BlackElo "2315"]
[EventDate "2010.04.21"]
[PlyCount "88"]

1.d4 g6 2.e4 d6 3.c3 Nf6 4.Bd3 e5 5.Nf3 Nbd7 6.O-O Bg7 7.Bg5 O-O 8.Nbd2 c6
9.Re1 Qc7 10.Qc2 Re8 11.dxe5 dxe5 12.a4 h6 13.Bh4 Nc5 14.Bf1 a5 15.b4 Ne6 
16.Nc4 axb4 17.cxb4 Nh5 18.a5 g5 19.Bg3 Nxg3 20.hxg3 Nd4 21.Nxd4 exd4 22.
Nb6 Rb8 23.Rac1 Qe5 24.Bc4 Be6 25.Bxe6 Qxe6 26.Na4 Bf8 27.Qd2 Rbd8 28.Nc5 
Bxc5 29.Rxc5 d3 30.f4 Qg4 31.fxg5 Rxe4 32.Rxe4 Qxe4 33.gxh6 Qd4+ 34.Kh2 
Rd5 35.Rxd5 Qxd5 36.Kg1 Kh7 37.Kf2 Qd4+ 38.Kf3 f5 39.Qg5 d2 40.Qxf5+ Kxh6 
41.Qe6+ Kg7 42.Qe7+ Kg6 43.Qe8+ Kg7 44.Qe7+ Kg6 1/2-1/2

[Event "8th Asia-ch"]
[Site "Subic Bay Free Port PHI"]
[Date "2010.04.21"]
[Round "1"]
[White "Toufighi, Homayoon"]
[Black "Al-Huwar, Jasem"]
[Result "1-0"]
[WhiteElo "2491"]
[BlackElo "2308"]
[EventDate "2010.04.21"]
[PlyCount "61"]

1.e4 e6 2.d4 d5 3.exd5 exd5 4.Nf3 Bd6 5.c4 Nf6 6.c5 Be7 7.Be2 b6 8.cxb6 
axb6 9.O-O O-O 10.Ne5 c6 11.Nc3 Ba6 12.Re1 Nfd7 13.Bxa6 Rxa6 14.Qg4 Nxe5 
15.dxe5 Qd7 16.Qg3 Qf5 17.f4 Qg6 18.Qf3 f5 19.Be3 Rd8 20.Red1 Bc5 21.a3 
Nd7 22.b4 Bxe3+ 23.Qxe3 b5 24.Nxd5 cxd5 25.Rxd5 h6 26.Qd3 Qb6+ 27.Kh1 Qa7 
28.h3 Rg6 29.Qxf5 Qb7 30.e6 Nf8 31.Qf7+ 1-0

[Event "8th Asia-ch"]
[Site "Subic Bay Free Port PHI"]
[Date "2010.04.21"]
[Round "1"]
[White "Olay, Edgar Reggie"]
[Black "Salem, A. R. Saleh"]
[Result "0-1"]
[WhiteElo "2304"]
[BlackElo "2483"]
[EventDate "2010.04.21"]
[PlyCount "92"]

1.d4 Nf6 2.c4 g6 3.Nc3 d5 4.Bg5 Ne4 5.Bf4 Nxc3 6.bxc3 Bg7 7.e3 O-O 8.Nf3 
c5 9.Bd3 dxc4 10.Bxc4 Qa5 11.Qd2 Nc6 12.Rb1 b6 13.Bb5 Bf5 14.Rb3 Rac8 15.
d5 Nb4 16.cxb4 Qxb5 17.bxc5 Qxc5 18.O-O Rfd8 19.Qe2 Qxd5 20.Nd4 Bxd4 21.
exd4 Qxd4 22.Be3 Bd3 23.Qf3 Qc4 24.Re1 Bc2 25.Rc1 Bxb3 26.Rxc4 Bxc4 27.a3 
Bd5 28.Qe2 Rc3 29.h4 f6 30.Qa6 Rc7 31.Kh2 Kf7 32.Qd3 Rdd7 33.Qb5 Bc4 34.
Qb2 Be6 35.h5 Rc4 36.hxg6+ hxg6 37.Qe2 Rc3 38.Qa6 Rc4 39.Qb5 Rd5 40.Qb2 
Rh4+ 41.Kg3 Rg4+ 42.Kf3 Rf5+ 43.Ke2 Bc4+ 44.Ke1 Rxg2 45.Qb4 b5 46.Bxa7 Rd5
0-1

[Event "8th Asia-ch"]
[Site "Subic Bay Free Port PHI"]
[Date "2010.04.21"]
[Round "1"]
[White "Tu Hoang Thong"]
[Black "Causo, Deniel"]
[Result "1-0"]
[WhiteElo "2483"]
[BlackElo "2302"]
[EventDate "2010.04.21"]
[PlyCount "65"]

1.Nf3 d5 2.d4 Nf6 3.c4 c6 4.Nbd2 g6 5.e3 Bg7 6.Be2 O-O 7.O-O Nbd7 8.b4 Re8
9.Bb2 Nf8 10.Rc1 Bg4 11.h3 Bxf3 12.Nxf3 N8d7 13.a4 Ne4 14.Qb3 e6 15.Rc2 
Nb6 16.c5 Nd7 17.b5 Rb8 18.Bd3 f5 19.Qa3 g5 20.Ne5 Nxe5 21.dxe5 h5 22.Bxe4
dxe4 23.Qb4 Qc7 24.Rd1 Bxe5 25.b6 axb6 26.cxb6 Qg7 27.Bxe5 Qxe5 28.Rcd2 c5
29.Qb5 Kf7 30.Rd7+ Re7 31.Rxe7+ Kxe7 32.Qd7+ Kf8 33.Qc7 1-0

[Event "8th Asia-ch"]
[Site "Subic Bay Free Port PHI"]
[Date "2010.04.21"]
[Round "1"]
[White "Segarra, Randy"]
[Black "Bui Vinh"]
[Result "1-0"]
[WhiteElo "2298"]
[BlackElo "2480"]
[EventDate "2010.04.21"]
[PlyCount "57"]

1.e4 b6 2.d4 Bb7 3.Bd3 e6 4.Nf3 Nf6 5.Bg5 Be7 6.Qe2 d5 7.Nbd2 O-O 8.c3 c5 
9.e5 Nfd7 10.h4 Re8 11.Rh3 Nc6 12.a3 f6 13.Bf4 cxd4 14.cxd4 f5 15.Kf1 Nf8 
16.h5 a5 17.Kg1 Kh8 18.Kh1 b5 19.Rg1 Qb6 20.Qe3 Bd8 21.g4 Ra7 22.gxf5 exf5
23.Bxf5 Ne6 24.Bxe6 Rxe6 25.Rhg3 Ba8 26.Bh6 Bf6 27.Qf4 Qd8 28.exf6 gxf6 
29.Rg8+ 1-0

[Event "8th Asia-ch"]
[Site "Subic Bay Free Port PHI"]
[Date "2010.04.21"]
[Round "1"]
[White "Bitoon, Richard"]
[Black "Lumancas, Lyndon"]
[Result "1-0"]
[WhiteElo "2476"]
[BlackElo "2289"]
[EventDate "2010.04.21"]
[PlyCount "69"]

1.b3 e5 2.Bb2 Nc6 3.e3 a6 4.c4 g6 5.Nf3 Bg7 6.d4 exd4 7.Nxd4 Nxd4 8.Bxd4 
Nf6 9.Be2 d5 10.cxd5 Qxd5 11.Bf3 Qd6 12.Nd2 O-O 13.Rc1 Re8 14.O-O Qd8 15.
Qe2 c6 16.Rfd1 Be6 17.Ne4 Qe7 18.Qb2 Nxe4 19.Bxg7 f6 20.Bh6 Nd6 21.Rxd6 
Qxd6 22.Qxf6 Qe7 23.Qf4 Qf7 24.Qd4 Rad8 25.Qb4 Rd7 26.Bg5 Qg7 27.Rb1 Bf5 
28.Re1 h6 29.Bf4 g5 30.Bg3 Bg6 31.h4 Qf6 32.h5 Bf5 33.e4 Qd4 34.Qa5 Qd2 
35.Qxf5 1-0

[Event "8th Asia-ch"]
[Site "Subic Bay Free Port PHI"]
[Date "2010.04.21"]
[Round "1"]
[White "Macala, Allan"]
[Black "Harika, Dronavalli"]
[Result "1-0"]
[WhiteElo "2283"]
[BlackElo "2473"]
[EventDate "2010.04.21"]
[PlyCount "105"]

1.d4 Nf6 2.Nf3 g6 3.g3 Bg7 4.Bg2 O-O 5.O-O d6 6.c4 Nc6 7.Nc3 Bg4 8.h3 Bxf3
9.Bxf3 Nd7 10.e3 e5 11.dxe5 Ndxe5 12.Be2 Re8 13.Kg2 Nd7 14.Rb1 Nc5 15.Qc2 
a5 16.Bd2 Nb4 17.Qd1 a4 18.Nb5 Nc6 19.Bc3 Ne5 20.Bd4 c6 21.Nc3 a3 22.b3 
Ne6 23.Qc2 Nxd4 24.exd4 Nd7 25.Rbd1 Nf8 26.Bf3 Ne6 27.d5 Ng5 28.Rd3 Bxc3 
29.Qxc3 c5 30.Re1 Qd7 31.h4 Rxe1 32.Qxe1 Re8 33.Qc1 Qh3+ 34.Kg1 Qf5 35.Qd1
Ne4 36.Kg2 Nf6 37.Rd2 Qe5 38.Qc1 Ra8 39.Re2 Qd4 40.h5 Nd7 41.Qg5 Ne5 42.
Qe7 b5 43.h6 bxc4 44.bxc4 Rf8 45.Re4 Qb2 46.Qxd6 Nd3 47.Re3 Qd2 48.Be2 
Ne1+ 49.Kg1 Qd4 50.Qe7 Nc2 51.Re5 Qa1+ 52.Kh2 Qc1 53.f4 1-0

[Event "8th Asia-ch"]
[Site "Subic Bay Free Port PHI"]
[Date "2010.04.21"]
[Round "1"]
[White "Gundavaa, Bayarsaihan"]
[Black "Florendo, Paulo James"]
[Result "1/2-1/2"]
[WhiteElo "2471"]
[BlackElo "2262"]
[EventDate "2010.04.21"]
[PlyCount "129"]

1.d4 Nf6 2.Nf3 d5 3.c4 c6 4.Qb3 e6 5.g3 Be7 6.Bg2 O-O 7.O-O b6 8.Nc3 Ba6 
9.cxd5 cxd5 10.Ne5 Bb7 11.Bg5 Nc6 12.Nxc6 Bxc6 13.Rfc1 Qd7 14.e3 h6 15.
Bxf6 Bxf6 16.Bf1 Rfc8 17.Qd1 Rc7 18.f4 Rac8 19.Bd3 g6 20.Qe2 Kg7 21.Rc2 
Be7 22.Rac1 Bb7 23.Nd1 Rxc2 24.Rxc2 Rxc2 25.Qxc2 Qc6 26.Qxc6 Bxc6 27.Kf1 
f5 28.Nf2 g5 29.Ba6 gxf4 30.gxf4 Bd6 31.Nd3 Kf6 32.b3 Ke7 33.a4 Be8 34.Ne5
Bxe5 35.dxe5 Kd8 36.Kf2 Bh5 37.b4 Be8 38.a5 Ke7 39.Ke1 Kd8 40.Kd2 Kc7 41.
Be2 bxa5 42.bxa5 Kc6 43.Ba6 Bd7 44.Kd3 Kc7 45.Kc3 Be8 46.Be2 Kc6 47.Kb4 
Bd7 48.Bd1 Kc7 49.Kc5 Kc8 50.Be2 Ba4 51.Kb4 Be8 52.Bd1 Bd7 53.Bh5 Kd8 54.
Bf7 Bc8 55.Be8 Bd7 56.Bh5 Bc8 57.Be2 Bd7 58.Ba6 Kc7 59.Kc5 Bc6 60.Bd3 Bb7 
61.Bb5 Bc8 62.Bc6 Ba6 63.Ba4 Bc8 64.Bc6 Ba6 65.Ba4 1/2-1/2

[Event "8th Asia-ch"]
[Site "Subic Bay Free Port PHI"]
[Date "2010.04.21"]
[Round "1"]
[White "Datu, Alcon John"]
[Black "Nguyen Huynh Minh Huy"]
[Result "0-1"]
[WhiteElo "2220"]
[BlackElo "2469"]
[EventDate "2010.04.21"]
[PlyCount "102"]

1.d4 d5 2.Nf3 Nf6 3.c4 c6 4.Nc3 a6 5.c5 Bf5 6.Bf4 Nbd7 7.e3 Nh5 8.Bd3 Nxf4
9.exf4 Bg4 10.h3 Bxf3 11.Qxf3 g6 12.O-O Bg7 13.Ne2 O-O 14.Rac1 e6 15.Rfd1 
b6 16.b4 Qb8 17.Rb1 Qc7 18.Qe3 Rfb8 19.Qd2 Ra7 20.Rdc1 Bf8 21.Qc2 Qd8 22.
Qa4 a5 23.a3 b5 24.Qc2 axb4 25.axb4 Rba8 26.g3 Bg7 27.Qd2 f6 28.Nc3 Qb8 
29.Re1 Nf8 30.Bc2 Kh8 31.h4 Ra3 32.Rb3 R3a7 33.Kg2 Qc7 34.h5 gxh5 35.Rh1 
f5 36.Rxh5 Bf6 37.Bb1 Ra3 38.Rxa3 Rxa3 39.Rh1 Qa7 40.Ne2 Qa4 41.g4 fxg4 
42.f5 Qb3 43.Ng3 Qf3+ 44.Kg1 Ra1 45.Qb2 Rxb1+ 46.Qxb1 Bxd4 47.Qc2 Qxg3+ 
48.Kf1 Qf3 49.Rg1 exf5 50.Rg3 Qf4 51.Qe2 h5 0-1

[Event "8th Asia-ch"]
[Site "Subic Bay Free Port PHI"]
[Date "2010.04.21"]
[Round "1"]
[White "Bakre, Tejas"]
[Black "Yee Soon Wei"]
[Result "1/2-1/2"]
[WhiteElo "2465"]
[BlackElo "2209"]
[EventDate "2010.04.21"]
[PlyCount "88"]

1.Nf3 d5 2.d4 Nf6 3.c4 c6 4.Qc2 dxc4 5.Qxc4 Bf5 6.g3 e6 7.Bg2 Be7 8.O-O 
O-O 9.Nc3 Nbd7 10.Re1 Ne4 11.Qb3 Qb6 12.Nh4 Bxh4 13.Qxb6 axb6 14.gxh4 Ndf6
15.f3 Nxc3 16.bxc3 Bc2 17.Bg5 Ra3 18.Rec1 Bg6 19.e4 Rfa8 20.Rc2 b5 21.Bc1 
R3a4 22.Rb2 Nd7 23.Bf1 Nb6 24.Kf2 f5 25.e5 R8a7 26.Bd3 Nd5 27.Bc2 Ra3 28.
c4 bxc4 29.Rxb7 Rxb7 30.Bxa3 f4 31.Be4 c3 32.Bxd5 cxd5 33.Rc1 Rb2+ 34.Kg1 
Rb1 35.Rxb1 Bxb1 36.Bb4 c2 37.Bd2 Bxa2 38.Bxf4 Kf7 39.Kf2 Bc4 40.Ke1 Bd3 
41.Kd2 Bf5 42.Ke2 Ke7 43.Kd2 Kd7 44.Kc3 Kc6 1/2-1/2